书目信息 |
| 题名: |
视觉传达设计创意与表达
|
|
| 作者: | 李娟 , 叶乐乐 , 曾朝阳 编著 | |
| 分册: | ||
| 出版信息: | 北京 中国建筑工业出版社 2007.09 |
|
| 页数: | 168页 | |
| 开本: | 29cm | |
| 丛书名: | 设计专业考研丛书 | |
| 单 册: | ||
| 中图分类: | J504 | |
| 科图分类: | ||
| 主题词: | 视觉形象--shi jue xing xiang--实用美术--设计--研究生--升学参考资料 | |
| 电子资源: | ||
| ISBN: | 978-7-112-07674-1 | |
| 000 | 01084nam0 2200277 450 | |
| 001 | 012008996156 | |
| 005 | 20240402153043.69 | |
| 010 | @a978-7-112-07674-1@dCNY58.00 | |
| 100 | @a20080114d2007 em y0chi0120 ea | |
| 101 | 0 | @achi |
| 102 | @aCN@b110000 | |
| 105 | @aa a 000yy | |
| 200 | 1 | @a视觉传达设计创意与表达@Ashi jue chuan da she ji chuang yi yu biao da@f李娟, 叶乐乐, 曾朝阳编著@Fli juan,ye yue yue,zeng chao yang bian zhu |
| 210 | @a北京@c中国建筑工业出版社@d2007.09 | |
| 215 | @a168页@c图@d29cm | |
| 225 | 2 | @a设计专业考研丛书 |
| 320 | @a有书目 (第168页) | |
| 330 | @a本书内容包括:视觉传达设计相关知识点、模拟考试试卷和作品点评、部分学校近年来设计艺术考试试卷集锦、平面设计专业考研论文、面试的技巧以及面试的注意事项。 | |
| 410 | 0 | @12001 @a设计专业考研丛书 |
| 606 | 0 | @a视觉形象@Ashi jue xing xiang@x实用美术@x设计@x研究生@j升学参考资料 |
| 690 | @aJ504@v4 | |
| 701 | 0 | @a李娟@Ali juan@4编著 |
| 701 | 0 | @a叶乐乐@Aye yue yue@4编著 |
| 701 | 0 | @a曾朝阳@Azeng chao yang@4编著 |
| 801 | 0 | @aCN@b河南城建学院图书馆@c20080115 |
| 905 | @b278266-68@dJ504@eL185@f3 | |
| 视觉传达设计创意与表达/李娟, 叶乐乐, 曾朝阳编著.-北京:中国建筑工业出版社,2007.09 |
| 168页:图;29cm.-(设计专业考研丛书) |
| ISBN 978-7-112-07674-1:CNY58.00 |
| 本书内容包括:视觉传达设计相关知识点、模拟考试试卷和作品点评、部分学校近年来设计艺术考试试卷集锦、平面设计专业考研论文、面试的技巧以及面试的注意事项。 |
| ● |
| 相关链接 |
|
|
|
正题名:视觉传达设计创意与表达
索取号:J504/L185
 
预约/预借
| 序号 | 登录号 | 条形码 | 馆藏地/架位号 | 状态 | 备注 |
| 1 | 1449276 | 214492761 | 社科库309/309社科库 85排2列3层/ [索取号:J504/L185] | 在馆 | |
| 2 | 1449278 | 214492789 | 自科二线404/309社科库 85排4列5层/ [索取号:J504/L185] | 在馆 | |
| 3 | 1449279 | 214492798 | 社科库309/309社科库 85排2列3层/ [索取号:J504/L185] | 在馆 | |
| 4 | 1449280 | 214492805 | 社科库309/309社科库 85排2列3层/ [索取号:J504/L185] | 在馆 | |
| 5 | 1449281 | 214492814 | 自科二线404/309社科库 85排4列5层/ [索取号:J504/L185] | 在馆 | |
| 6 | 1550925 | 215509251 | 社科库309/309社科库 85排2列3层/ [索取号:J504/L185] | 在馆 | |
| 7 | 1550926 | 215509260 | 社科库309/309社科库 85排2列3层/ [索取号:J504/L185] | 在馆 | |
| 8 | 1550927 | 215509279 | 社科库309/309社科库 85排2列3层/ [索取号:J504/L185] | 在馆 | |
| 9 | 1550928 | 215509288 | 社科库309/309社科库 85排2列3层/ [索取号:J504/L185] | 在馆 | |
| 10 | 1550929 | 215509297 | 社科库309/309社科库 85排2列3层/ [索取号:J504/L185] | 在馆 | |
| 11 | 278266 | 202782667 | 社科库309/309社科库 85排2列3层/ [索取号:J504/L185] | 在馆 | |
| 12 | 278267 | 202782676 | 自科二线404/309社科库 85排4列5层/ [索取号:J504/L185] | 在馆 | |
| 13 | 278268 | 202782685 | 自科二线404/309社科库 85排4列5层/ [索取号:J504/L185] | 在馆 |